| 000 | 00942nam a2200253Ia 4500 | ||
|---|---|---|---|
| 003 | OSt | ||
| 005 | 20220923223443.0 | ||
| 006 | a|||||r|||| 00| 0 | ||
| 007 | ta | ||
| 008 | 220922b |||||||| |||| 00| 0 hin d | ||
| 024 | _a215,970 | ||
| 037 | _cTextual | ||
| 040 |
_aARTS _cARTS _bhin |
||
| 041 |
_2hin _ahin |
||
| 082 | _aV2.P, P2 | ||
| 100 |
_aअब्दुल कलाम, ए पी जे; राजन, वाई सुंदर _9167437 |
||
| 245 | 0 | _aभारत 2 2 नवनिर्माण की रुपरेखा | |
| 246 | _aBhārat 2020 navanirmāṇ kī ruparekhā | ||
| 260 |
_aदिल्ली _b राजपाल एण्ड सन्ज _c2002 |
||
| 300 |
_a304 पृ. _ccm. |
||
| 650 | _aविश्व-इतिहास | ||
| 942 |
_hV2.P, P2 _cTEXL _2CC |
||
| 999 |
_c365422 _d365422 |
||